Quiz mathématique rapide, juste un petit quiz 11 - Statistiques

Statistiques générales
  • Ce quiz a été pris 318 fois
  • Le résultat moyen est 13 sur 15
Statistiques - réponses
Hint Réponse % Correct
1 x 8 = 8
100%
10 x 8 = 80
98%
11 x 8 = 88
98%
3 x 8 = 24
97%
2 x 8 = 16
96%
7 x 8 = 56
91%
9 x 8 = 72
91%
5 x 8 = 40
90%
6 x 8 = 48
90%
4 x 8 = 32
86%
8 x 8 = 64
85%
12 x 8 = 96
76%
14 x 8 = 112
71%
13 x 8 = 104
69%
15 x 8 = 120
66%
Aucun quiz correspondant
Distribution des résultats
% des personnes avec chaque résultat
Percentile par nombre de réponses
Votre historique - résultats
Vous n’avez pas pris ce quiz